Central Library OPAC University of Rajshahi

The tides and kindred phenomena in the solar system / (Record no. 72435)

MARC details
000 -LEADER
fixed length control field 00715nam a2200241 a 4500
001 - CONTROL NUMBER
control field 72435
003 - CONTROL NUMBER IDENTIFIER
rucl marc code BD-RjUL
005 - DATE AND TIME OF LATEST TRANSACTION
control field 20211209082248.0
008 - FIXED-LENGTH DATA ELEMENTS--GENERAL INFORMATION
fixed length control field 170517s1962 enka|||| |||| 001 0 eng d
035 ## - SYSTEM CONTROL NUMBER
System control number (BD-RjUL)72653
040 ## - CATALOGING SOURCE
Original cataloging agency BD-RjUL
Language of cataloging eng
Transcribing agency BD-RjUL
Modifying agency BD-RjUL
041 ## - LANGUAGE CODE
Language code of text/sound track or separate title eng
082 ## - DEWEY DECIMAL CLASSIFICATION NUMBER
Edition number 23
Classification number 551.464
Author mark and year DAT 1962
100 1# - MAIN ENTRY--PERSONAL NAME
Personal name Darwin, George Howard
9 (RLIN) 214235
245 14 - TITLE STATEMENT
Title The tides and kindred phenomena in the solar system /
Statement of responsibility, etc. George Howard Darwin
260 ## - PUBLICATION, DISTRIBUTION, ETC. (IMPRINT)
Place of publication, distribution, etc. London :
Name of publisher, distributor, etc. W.H. Freeman,
Date of publication, distribution, etc. 1962.
300 ## - PHYSICAL DESCRIPTION
Pagination xx, 378 p. :
Illustrations ill. ;
Size 18 cm.
490 ## - SERIES STATEMENT
Series statement Golden Gate editions.
500 ## - GENERAL NOTE
General note Includes Index.
650 ## - SUBJECT ADDED ENTRY--TOPICAL TERM
Topical term or geographic name as entry element Tides
9 (RLIN) 214236
830 ## - SERIES ADDED ENTRY--UNIFORM TITLE
Uniform title Golden Gate editions.
942 ## - ADDED ENTRY ELEMENTS (KOHA)
Source of classification or shelving scheme Dewey Decimal Classification
Koha item type Books
Holdings
Lost status Source of classification or shelving scheme Damaged status Not for loan Collection code Permanent Location Current Location Shelving location Date acquired Source of acquisition Cost, normal purchase price Total Checkouts Full call number Date last seen Copy number Koha item type
  Dewey Decimal Classification   Not For Loan Non-fiction Central Library, University of Rajshahi Central Library, University of Rajshahi Reading Room 09/12/2021 Zeithenger 20.00   551.464 DAT 1962 17/05/2017 C-1 Books